| 000 | 00395nam a22001457a 4500 | ||
|---|---|---|---|
| 999 |
_c523521 _d523521 |
||
| 003 | NUST | ||
| 038 | _awaseem | ||
| 082 |
_a355.95491 _bIMM |
||
| 100 |
_aHQ 26 Mechanized Division _914036 |
||
| 245 |
_aImmortal Spirits Defying The Death / _cHQ 26 Mechanized Division |
||
| 260 |
_aIslamabad : _bHQ 26 Mechanized Division, _c2018. |
||
| 300 | _a65 p. ; | ||
| 500 | _aHardcover. | ||
| 942 |
_2ddc _cBK |
||